000 00361nam a2200145Ia 4500
008 150201s2009 xx 000 0 und d
082 _a617.96
_bU09D
100 _aDORSEH, JERRY
245 _aUNDERSTANDING ANAESTHESIA EQUIPMENT
250 _a5TH
260 _bWOLTERS KULWER
_aDELHI
_c2009
300 _a1-1036
650 _aANAESTHESIOLOGY
942 _2ddc
_cBK
_01
999 _c243
_d243